[Event "Klubbmesterskap klasse 1"]
[Site "Ås"]
[Date "1990.03.13"]
[Round "4"]
[White "Lea, Per"]
[Black "Stensland, Martin"]
[Result "1-0"]
[WhiteElo "1599"]
[BlackElo "1250"]
[Annotator "Lea,Per"]
[PlyCount "85"]
[EventDate "1990.??.??"]

1. e4 e6 2. d4 d5 3. Nc3 c5 {Ikke det vanligste, men Martins spesialvariant
fra mange år tilbake.Forøvrig er det faktisk Marshall som har introdusert
trekket. Han stolte kanskje ikke 100% på sin gambit i spansk?} 4. exd5 exd5 5.
dxc5 Nf6 $2 {Her anbefaler autoritetene} (5... d4 {
men innrømmer at svart får problemer med å gardere bonden etter} 6. Bb5+ Nc6 7.
Bxc6+ bxc6 8. Nce2 Bxc5 9. Nf3 {
For min egen del ser jeg ikke helt hvordan hvit skal få bonden etter} Qa5+ 10.
Qd2 ({Kommentar 2011: Dette er nok bedre:} 10. Bd2 Qb6 11. O-O) 10... Bb4 11.
c3 dxc3 12. Nxc3 Bxc3 13. Qxc3 Qxc3+ 14. bxc3) 6. Bb5+ Nc6 7. Be3 Be7 8. Nf3
O-O 9. O-O Bg4 10. Bxc6 bxc6 11. h3 Bh5 12. a3 h6 13. Bd4 Ne4 14. b4 Ng5 15.
Qd3 Bxf3 16. gxf3 Nxh3+ 17. Kh2 Nf4 $2 (17... Qd7 {må spilles først, slik at
dronninga får muligheten til å trenge seg inn i den hvite kongestillingen. Det
er vanskelig å se hvordan hvit skulle hindre dette. Dronningtrekket ville
dessuten hindre hvits neste trekk, som både har en offensiv og en defensiv
funksjon. (Kommentar 2011: Spørsmålstegnet er malplassert, og springertrekket
er langt bedre enn dronningtrekket!)}) 18. Qf5 Ne6 19. Be5 Ng5 {Kommentar 2011:
Her er svarts fordel i ferd med å smuldre bort. Langt større sjanser gir:} (
19... g6 20. Rg1 Bg5 21. Qg4 h5 22. Qg3 Bh4 23. Qh3 Kh7 24. Rad1 Bxf2 25. Rgf1
(25. Rg2 $2 Ng5 26. Rxg5 Qxg5 27. f4 Qh4 $19) 25... Qh4 26. Qxh4 Bxh4 27. b5
Rfc8 28. Kh3 Be7 29. bxc6 Rxc6 30. Nxd5 Rxc5 $17) 20. Kg2 Re8 21. Rh1 Bf6 22.
Bxf6 Qxf6 23. Qxf6 gxf6 24. Rxh6 Kf8 $2 (24... Kg7 {
må være bedre; både fordi bonden på f6 garderes, og fordi} 25. Rah1 {møtes med}
Rh8 {og muligheten for 4-dobbelt tårnbytte. Hvits merbonde er dobbeltbonde og
ville være temmelig verdiløs.}) 25. Rxf6 Ke7 $2 26. Rxc6 Rg8 27. Nxd5+ Kf8 28.
Re1 Ne4+ 29. Kf1 Nd2+ 30. Ke2 Nc4 31. Kd3 Nxa3 32. Ra1 Nb5 33. c4 Rd8 34. cxb5
Rxd5+ 35. Kc4 Rf5 36. Rxa7 Rf4+ 37. Kd5 Rg5+ 38. Kd6 Rd4+ 39. Kc7 Re5 40. b6
Rxb4 41. b7 Re7+ 42. Kb8 Kg7 43. Ka8 {Oppgitt.} 1-0

[Event "Klubbmesterskap klasse 1"]
[Site "Ås"]
[Date "1990.03.20"]
[Round "5"]
[White "Hellberg, Lars"]
[Black "Lea, Per"]
[WhiteElo "1374"]
[BlackElo "1601"]
[Result "0-1"]
[PlyCount "82"]
1.e4 e5 2.Nf3 Nc6 3.Bb5 a6 4.Ba4 Nf6 5.d4 exd4 6.e5 Ne4 7.O-O Be7 8.
c3 dxc3 9.bxc3 O-O 10.Bc2 d5 11.exd6 Nxd6 12.Re1 Bg4 13.Ba3 Re8 14.
Re3 Bg5 15.Rxe8+ Nxe8 16.Qxd8 Bxd8 17.Nbd2 Be7 18.Bb2 Nd6 19.Re1 Bf6
20.h3 Be6 21.Nb3 Nb5 22.Nfd4 Ncxd4 23.cxd4 Bxb3 24.Bxb3 Rd8 25.Re4
Kf8 26.a4 Nxd4 27.Bxd4 Rxd4 28.Rxd4 Bxd4 29.Kf1 b5 30.Ke2 c5 31.f3 c4
32.Bd1 b4 33.Kd2 a5 34.Kc2 Ke7 35.Kb1 Kd6 36.Ka2 Kc5 37.g4 Be3 38.h4
b3+ 39.Bxb3 cxb3+ 40.Kxb3 Kd5 41.Kc3 Ke5
0-1

[Event "Klubbmesterskap klasse 1"]
[Site "Ås"]
[Date "1990.03.27"]
[Round "6"]
[White "Lea, Per"]
[Black "Weberg, Øyvind"]
[WhiteElo "1601"]
[BlackElo "1640"]
[Result "1-0"]
[PlyCount "83"]
1.e4 e5 2.Nf3 Nc6 3.Bb5 a6 4.Ba4 Nf6 5.O-O Be7 6.Re1 b5 7.Bb3 O-O 8.
c3 d5 9.exd5 Nxd5 10.Nxe5 Nxe5 11.Rxe5 Nf6 12.d4 Bd6 13.Re1 Ng4 14.h3
Qh4 15.Qf3 Nxf2 16.Bd2 Bxh3 17.gxh3 Nxh3+ 18.Kf1 g5 19.Re4 Bf4 20.
Bxf4 gxf4 21.Re5 Rae8 22.Nd2 Rxe5 23.dxe5 Kh8 24.Ke2 Rg8 25.Bxf7 Rg3
26.Qa8+ Kg7 27.Qg8+ Kh6 28.Qf8+ Rg7 29.e6 Qg4+ 30.Kd3 Qf5+ 31.Kd4 f3
32.Nxf3 Qxf3 33.e7 Qf2+ 34.Kd5 Nf4+ 35.Kc6 Qb6+ 36.Kd7 Qb7 37.e8=Q
c5+ 38.Kd6 Qf3 39.Qe5 Qd3+ 40.Kc6 Qf3+ 41.Kb6 Ng6 42.Qfxg7#
1-0

[Event "Klubbmesterskap klasse 1"]
[Site "Ås"]
[Date "1990.04.03"]
[Round "7"]
[White "Wilberg, Alf"]
[Black "Lea, Per"]
[Result "1/2-1/2"]
[WhiteElo "1507"]
[BlackElo "1601"]
[PlyCount "35"]
[EventDate "1990.??.??"]

1. d4 d5 2. Nf3 Nf6 3. Bf4 e6 4. e3 c5 5. c3 Nc6 6. Nbd2 c4 7. Be2 Bd6 8. Qc2
b5 9. a3 Bb7 10. Bg5 h6 11. Bxf6 Qxf6 12. e4 dxe4 13. Nxe4 Qe7 14. a4 a6 15.
Nxd6+ Qxd6 16. O-O O-O 17. axb5 axb5 18. Nd2 1/2-1/2

[Event "Klubbmesterskap klasse 1"]
[Site "Ås"]
[Date "1990.06.05"]
[Round "9"]
[White "Furnes, Harald"]
[Black "Lea, Per"]
[WhiteElo "1479"]
[BlackElo "1601"]
[Result "1/2-1/2"]
[PlyCount "99"]
1.d4 d5 2.c4 e6 3.Nf3 Nf6 4.Nc3 Be7 5.e3 O-O 6.Bd2 b6 7.Rc1 Bb7 8.
Bd3 dxc4 9.Bxc4 c5 10.O-O Nc6 11.Be1 Na5 12.Be2 Rc8 13.dxc5 Bxc5 14.
Qxd8 Rfxd8 15.Na4 Be7 16.Bxa5 bxa5 17.Rxc8 Rxc8 18.Nd4 e5 19.Nb3 Bd5
20.Rc1 Rxc1+ 21.Nxc1 Nd7 22.Nc3 Bb7 23.a3 Nc5 24.Nd3 e4 25.Nxc5 Bxc5
26.Bc4 Kf8 27.Bd5 Bxd5 28.Nxd5 f5 29.Kf1 Kf7 30.Ke2 Ke6 31.Nc3 g5 32.
g3 Bd6 33.Nb5 a6 34.Nd4+ Kf6 35.Nc6 Be5 36.b3 Bc7 37.b4 axb4 38.Nxb4
Bd6 39.Nxa6 Bxa3 40.Nc7 Ke5 41.Nb5 Bc5 42.f4+ exf3+ 43.Kxf3 h5 44.Nc3
Be7 45.Nd1 g4+ 46.Ke2 h4 47.Nf2 hxg3 48.hxg3 Bd6 49.e4 fxe4 50.Nxg4+
1/2-1/2

[Event "Klubbmesterskap klasse 1"]
[Site "Ås"]
[Date "1990.??.??"]
[Round "?"]
[White "Wilberg, Alf"]
[Black "Olsen, Trygve"]
[Result "1-0"]
[WhiteElo "1507"]
[BlackElo "1361"]
[PlyCount "101"]
[EventDate "1990.??.??"]

1. d4 c6 2. Nf3 g6 3. Bf4 Bg7 4. e3 d6 5. c3 Be6 6. Nbd2 Nf6 7. h3 d5 8. Bd3
Qb6 9. Qc2 O-O 10. O-O Nbd7 11. Ng5 c5 12. Nxe6 Qxe6 13. Nf3 c4 14. Be2 Ne4 15.
a4 a6 16. a5 b5 17. axb6 Qxb6 18. Ra2 a5 19. Bxc4 dxc4 20. Qxe4 e6 21. Nd2 Qb5
22. Rfa1 Nf6 23. Qc2 Rfc8 24. Ra4 Nd5 25. Bg3 Nb6 26. R4a2 a4 27. Ne4 Qb3 28.
Qe2 Nd5 29. Nc5 Nxc3 30. bxc3 Qxc3 31. Rxa4 Rxa4 32. Rxa4 Qc1+ 33. Kh2 c3 34.
Qd3 Qd2 35. Qxd2 cxd2 36. Ra1 Rxc5 37. Rd1 Rc2 38. Bd6 Bf8 39. Bxf8 Kxf8 40.
Kg3 f5 41. Kf3 e5 42. Ke2 exd4 43. exd4 Ke7 44. Rxd2 Rxd2+ 45. Kxd2 Kd6 46. f4
Kd5 47. Kd3 h6 48. h4 h5 49. g3 Kd6 50. Kc4 g5 51. hxg5 1-0

[Event "Klubbmesterskap klasse 1"]
[Site "Ås"]
[Date "1990.??.??"]
[Round "?"]
[White "Teigen, Jan"]
[Black "Johansen, Anders Sten"]
[Result "1-0"]
[WhiteElo "1746"]
[BlackElo "1568"]
[PlyCount "71"]
[EventDate "1990.??.??"]

1. f4 e5 2. fxe5 d6 3. exd6 Bxd6 4. Nf3 g5 5. g3 g4 6. Nh4 Ne7 7. d4 Ng6 8.
Nxg6 hxg6 9. Qd3 Bf5 10. e4 Qe7 11. Bg2 Nc6 12. c3 O-O-O 13. Be3 Rhe8 14. Nd2
Be6 15. O-O f5 16. Bf4 Bxf4 17. Rxf4 Rh8 18. Qe2 Qh7 19. Nf1 Rde8 20. e5 Ne7
21. Qb5 c6 22. Qc5 Nd5 23. Rf2 Nb6 24. b3 Bd5 25. c4 Bxg2 26. Rxg2 g5 27. Rf2
f4 28. Re1 Kb8 29. e6 Qh6 30. Qe5+ Ka8 31. d5 cxd5 32. cxd5 f3 33. d6 a6 34.
Qc5 Ka7 35. e7 Rh7 36. d7 1-0

[Event "Klubbmesterskap klasse 1"]
[Site "Ås"]
[Date "1990.??.??"]
[Round "?"]
[White "Johansen, Anders Sten"]
[Black "Grønvold, Jan"]
[Result "1/2-1/2"]
[WhiteElo "1568"]
[BlackElo "1267"]
[Annotator "Johansen, Anders Sten"]
[PlyCount "46"]
[EventDate "1990.??.??"]

1. e4 c5 2. Nc3 Nc6 3. g3 e5 4. Bg2 Nf6 5. d3 Be7 6. f4 d6 7. f5 $5 Nd4 8. Nce2
Bd7 9. Nf3 Qb6 10. b3 Nxf3+ 11. Bxf3 Qc6 12. O-O b5 13. a4 b4 14. Bb2 a5 15.
Qe1 Rc8 16. h3 Qb6 17. Kg2 Bc6 18. Qc1 Qb8 19. Re1 O-O 20. g4 d5 21. Ng3 dxe4
22. Nxe4 Nxe4 23. dxe4 f6 1/2-1/2

[Event "Klubbmesterskap klasse 1"]
[Site "Ås"]
[Date "1990.??.??"]
[Round "?"]
[White "Weberg, Øyvind"]
[Black "Stensland, Martin"]
[Result "1-0"]
[WhiteElo "1640"]
[BlackElo "1250"]
[PlyCount "79"]
[EventDate "1990.??.??"]

1. e4 e6 2. d4 d5 3. Nc3 Nf6 4. Bg5 Be7 5. Bxf6 Bxf6 6. e5 Be7 7. Qg4 O-O 8.
Bd3 c5 9. Qh3 h6 10. f4 cxd4 11. Nce2 Qa5+ 12. Kf2 Nc6 13. Nf3 Qb6 14. g4 Nb4
15. Nfxd4 Nxd3+ 16. Qxd3 f6 17. Kg3 fxe5 18. fxe5 Qd8 19. h4 Qc7 20. Nf3 Bd7
21. g5 Rxf3+ 22. Kxf3 Rf8+ 23. Kg2 Qxe5 24. gxh6 Bf6 25. hxg7 Bxg7 26. c3 Qh5
27. Ng3 Qg4 28. Qe2 Qg6 29. Raf1 Bc6 30. Rxf8+ Bxf8 31. Kh2 Bd6 32. Rg1 Bc5 33.
Rf1 Bd6 34. Qe3 Be7 35. h5 Qg4 36. Rf4 Qg7 37. Qxe6+ Kh8 38. Rf7 Qg5 39. Qxe7
Qd2+ 40. Kh3 1-0

[Event "Klubbmesterskap klasse 1"]
[Site "Ås"]
[Date "1990.??.??"]
[Round "?"]
[White "Weberg, Øyvind"]
[Black "Wilberg, Alf"]
[Result "1/2-1/2"]
[WhiteElo "1640"]
[BlackElo "1507"]
[PlyCount "67"]
[EventDate "1990.??.??"]

1. e4 c6 2. d4 d5 3. Nc3 dxe4 4. Nxe4 Nf6 5. Nxf6+ gxf6 6. Bf4 Bf5 7. Nf3 e6 8.
Bd3 Bg6 9. h4 Bh5 10. Qe2 Bd6 11. Qe3 Qc7 12. Bh6 Nd7 13. O-O-O O-O-O 14. Rdg1
Kb8 $6 15. Nd2 $1 c5 $1 16. Ne4 cxd4 17. Qxd4 Bf4+ 18. Bxf4 Qxf4+ 19. Qe3 Qxe3+
20. fxe3 f5 21. Ng3 Bg4 22. h5 Ne5 23. Be2 Bxe2 24. Nxe2 Ng4 25. Rh3 Rhg8 26.
Nf4 Nf2 27. Rf3 Ne4 28. Nd3 Rd5 $6 29. Rff1 Ng3 30. Rf2 Nxh5 31. Nf4 Nxf4 32.
exf4 h5 33. Rh1 Rh8 34. g3 1/2-1/2

[Event "Klubbmesterskap klasse 1"]
[Site "Ås"]
[Date "1990.??.??"]
[Round "?"]
[White "Johansen, Anders Sten"]
[Black "Olsen, Trygve"]
[Result "1-0"]
[WhiteElo "1568"]
[BlackElo "1361"]
[Annotator "Lea,Per"]
[PlyCount "49"]
[EventDate "1990.??.??"]

1. e4 c6 2. d4 e5 3. Nf3 exd4 4. Nxd4 Bc5 5. Nc3 Qb6 $6 6. Na4 Qa5+ 7. c3 Be7
8. Nf5 Qe5 9. Bd3 b5 10. f4 Qc7 11. Nxe7 Nxe7 12. Nc5 d6 13. Nb3 Qb6 14. Qe2
O-O 15. Be3 Qc7 16. O-O a6 $6 17. Nd4 c5 18. Nf3 c4 19. Bc2 Bg4 20. e5 dxe5 21.
Bxh7+ Kh8 22. fxe5 Bxf3 23. Qxf3 Nbc6 24. Qh3 Qc8 25. Bf5+ 1-0

[Event "Klubbmesterskap klasse 1"]
[Site "Ås"]
[Date "1990.??.??"]
[Round "?"]
[White "Wilberg, Alf"]
[Black "Teigen, Jan"]
[Result "0-1"]
[WhiteElo "1507"]
[BlackElo "1746"]
[Annotator "Lea,Per"]
[PlyCount "88"]
[EventDate "1990.??.??"]

1. d4 Nf6 2. Nf3 g6 3. Bf4 d6 4. e3 Bg7 5. Nbd2 O-O 6. Bc4 c6 7. Bb3 a5 8. c3
Nbd7 9. O-O Qc7 10. Qc2 $6 b5 11. a4 Ba6 12. Rfe1 e5 13. Bg3 Nh5 14. Rac1 Nxg3
15. hxg3 Nb6 16. axb5 cxb5 17. Ba2 Rac8 18. dxe5 dxe5 19. Ng5 a4 20. f3 b4 21.
Kf2 $2 b3 22. Nxb3 axb3 23. Bxb3 Bc4 24. Rh1 $2 h6 25. Bxc4 Nxc4 26. Ne4 Qb6
27. Qe2 Qxb2 28. Rc2 Qb6 29. g4 Rfe8 30. g5 hxg5 31. Nxg5 f6 32. Ne4 Bf8 33. g4
Rcd8 34. Nd2 $4 {og hvit ga samtidig opp på grunn av} Nxe3 35. Rb1 Qa7 36. Rcb2
(36. Rcc1 Rxd2 37. Qxd2 Nc4+) 36... Nc4+ 37. Kg2 Nxb2 38. Rxb2 Rb8 39. Rc2 Kg7
40. Qc4 Qe3 41. Qc7+ Be7 42. Nc4 Qc5 43. Qxc5 Bxc5 44. Nd2 f5 {
og svart bør vinne lett med sitt ekstra tårn} 0-1

[Event "Klubbmesterskap klasse 2"]
[Site "Ås"]
[Date "1990.??.??"]
[Round "?"]
[White "Furnes, Torstein"]
[Black "Stuanes, Lars"]
[Result "1-0"]
[WhiteElo "1063"]
[BlackElo "1018"]
[PlyCount "61"]
[EventDate "1990.??.??"]

1. d4 d5 2. c4 c6 3. Nc3 Nf6 4. Nf3 Qa5 5.
Bd2 Qb4 6. Nxd5 Qd6 7. Bb4 Qd8 8. Nxf6+ exf6 9. Bxf8 Kxf8 10. e4 Qe7 11. Bd3
Bf5 12. O-O Bxe4 13. Bxe4 Qxe4 14. Re1 Qf4 15. Qe2 g6 16. Qe7+ Kg7 17. Qxb7 Rd8
18. Qxa8 Qc7 19. d5 a6 20. d6 Qb6 21. c5 Qxc5 22. Qb7 Qxd6 23. h3 Rd7 24. Qb3
Ra7 25. Rad1 Qc7 26. Re8 Rb7 27. Qc3 c5 28. Rdd8 Nd7 29. Rg8+ Kh6 30. Qe3+ Kh5
31. g4# 1-0

[Event "Klubbmesterskap klasse 2"]
[Site "Ås"]
[Date "1990.??.??"]
[Round "?"]
[White "Samset, Jon"]
[Black "Eklund, Eivind"]
[Result "1/2-1/2"]
[WhiteElo "1057"]
[BlackElo "764"]
[PlyCount "40"]
[EventDate "1990.??.??"]

1. c4 Nf6 2. Nf3 d5 3. e3 Bg4 4. Be2 e6 5. b3 Be7 6. O-O O-O 7. Bb2 Ne4 8. Ne5
Bxe2 9. Qxe2 Bf6 10. f4 Nc6 11. Rf3 Qd6 12. d3 Nxe5 13. fxe5 Bxe5 14. dxe4
Bxh2+ 15. Kf2 dxe4 16. Rh3 f5 17. Qh5 Be5 18. Qxh7+ Kf7 19. Qh5+ Kg8 20. Qe2
Rad8 1/2-1/2

[Event "Klubbmesterskap klasse 2"]
[Site "Ås"]
[Date "1990.??.??"]
[Round "?"]
[White "Lund, Ståle"]
[Black "Skaug, Thorbjørn"]
[Result "0-1"]
[WhiteElo "1068"]
[BlackElo "1160"]
[PlyCount "84"]
[EventDate "1990.??.??"]

1. b3 b5 2. Bb2 Bb7 3. d3 e6 4. Nd2 Nf6 5. Ngf3 c5 6. c4 b4 7. e4 d6 8. Be2
Nbd7 9. O-O Be7 10. e5 dxe5 11. Nxe5 Nxe5 12. Bxe5 O-O 13. Bf3 Bxf3 14. Qxf3
Nd7 15. Bf4 Bf6 16. Rae1 Bc3 17. Qg3 Nf6 18. Re2 Nh5 19. Qf3 Nxf4 20. Qxf4 Qxd3
21. Qe3 Qxe3 22. fxe3 Bxd2 23. Rxd2 Rad8 24. Rfd1 Ra8 25. Kf2 Rfc8 26. Ke2 Kf8
27. Rd6 a5 28. Kd3 Rd8 29. Kc2 Rdc8 30. g4 Ke8 31. Rd7 a4 32. Kb2 axb3 33. axb3
Ra5 34. R7d3 Rca8 35. h3 Ra2+ 36. Kc1 Ra1+ 37. Kd2 R8a2+ 38. Ke1 Rxd1+ 39. Kxd1
Ke7 40. Ke1 h6 41. Rd2 Rxd2 42. Kxd2 Kd6 0-1

[Event "Klubbmesterskap klasse 2"]
[Site "Ås"]
[Date "1990.??.??"]
[Round "?"]
[White "Samset, Jon"]
[Black "Hanssen, Fredrik"]
[Result "0-1"]
[WhiteElo "1057"]
[BlackElo "943"]
[PlyCount "97"]
[EventDate "1990.??.??"]

1. c4 e5 2. g3 Nf6 3. Bg2 Bc5 4. Nf3 Nc6 5. O-O O-O 6. b3 e4 7. Ng5 Re8 8. e3
h6 9. Nh3 g5 10. f4 g4 11. Nf2 h5 12. Qc2 d5 13. Bb2 Nb4 14. Qd1 dxc4 15. bxc4
Nd3 16. Bxf6 Qxf6 17. Nc3 Nxf2 18. Rxf2 Bxe3 19. dxe3 Qxc3 20. Rb1 Qxe3 21. Qd5
Qd3 22. Qg5+ Kf8 23. Rb5 e3 24. Rf1 e2 25. Re1 Qd4+ 26. Kh1 c6 27. f5 Qg7 28.
Qxg7+ Kxg7 29. Rb2 Bxf5 30. Rbxe2 Rxe2 31. Rxe2 Bd3 32. Rb2 Bxc4 33. Rxb7 Bd5
34. Bxd5 cxd5 35. Rd7 Rb8 36. Rxd5 Rb1+ 37. Kg2 Kg6 38. Ra5 Rb2+ 39. Kf1 Rxh2
40. Rxa7 h4 41. gxh4 Rxh4 42. a4 Rh2 43. a5 g3 44. a6 Ra2 45. Ra8 Kf6 46. a7
Kf5 47. Kg1 Kf4 48. Kf1 Kf3 49. Kg1 0-1

[Event "Klubbmesterskap klasse 2"]
[Site "Ås"]
[Date "1990.??.??"]
[Round "?"]
[White "Furnes, Torstein"]
[Black "Lund, Ståle"]
[Result "1/2-1/2"]
[WhiteElo "1063"]
[BlackElo "1068"]
[Annotator "Lea,Per"]
[PlyCount "68"]
[EventDate "1990.??.??"]

1. b3 d5 2. Bb2 Nf6 3. d3 c5 4. e3 Nc6 5. Nf3 Bf5 $5 6. Nbd2 e6 7. Be2 Bd6 8.
O-O Rc8 9. Nh4 Bg6 10. f4 d4 11. e4 Nxe4 12. Nxg6 Nxd2 13. Nxh8 Nxf1 14. Nxf7
Kxf7 15. Qxf1 Qf6 16. g3 Rf8 17. Bf3 Kg8 18. Bxc6 bxc6 19. Re1 e5 20. fxe5
Qxf1+ 21. Rxf1 Rxf1+ 22. Kxf1 Bxe5 23. Bc1 Kf7 24. Kf2 Kf6 25. Kf3 h5 26. h4
Kf5 27. Bg5 Bf6 28. Bf4 Be5 29. Bxe5 Kxe5 30. g4 g6 31. a3 a5 32. a4 hxg4+ 33.
Kxg4 Ke6 $1 34. Kf4 Kf6 1/2-1/2

[Event "Klubbmesterskap klasse 2"]
[Site "Ås"]
[Date "1990.??.??"]
[Round "?"]
[White "Furnes, Torstein"]
[Black "Samset, Jon"]
[Result "1-0"]
[WhiteElo "1063"]
[BlackElo "1057"]
[Annotator "Lea,Per"]
[PlyCount "51"]
[EventDate "1990.??.??"]

1. d4 d5 2. c4 e6 3. Nc3 Nf6 4. Nf3 Be7 5. Bf4 O-O 6. e3 a6 7. Rc1 Nbd7 8. Bd3
b6 9. O-O Bb7 10. cxd5 Bxd5 $6 11. Bxc7 $1 Bxf3 $2 12. Bxd8 Bxd1 13. Bxe7 Bh5
14. Bxf8 Nxf8 15. Rc2 g5 $6 16. Rfc1 Ng4 17. h3 Nh6 18. g4 Bg6 19. Bxg6 Nxg6
20. Ne4 Kg7 21. Nxg5 Rd8 22. Rc7 Rd6 23. R1c6 Rd5 24. Nxe6+ Kh8 25. g5 Nf5 26.
Rc8+ 1-0

[Event "Høstturnering"]
[Site "Ås"]
[Date "1990.??.??"]
[Round "1"]
[White "Stuanes, Lars"]
[Black "Nordal, Sven"]
[Result "0-1"]
[WhiteElo "1018"]
[BlackElo "1646"]
[PlyCount "66"]
[EventDate "1990.09.18"]

1. e4 c5 2. Nf3 d6 3. Nc3 Nf6 4. Bc4 e6 5. d4 cxd4 6. Qxd4 Nc6 7. Bb5 Bd7 8.
Bxc6 Bxc6 9. O-O h6 10. Be3 Be7 11. Rad1 Qc7 12. e5 dxe5 13. Nxe5 O-O $6 14.
Bf4 Qa5 15. Nxc6 bxc6 16. Bd6 Rfd8 17. b4 Qf5 18. Qc5 Bxd6 19. Rxd6 Rxd6 20.
Qxd6 Qxc2 21. Qxc6 Rd8 22. h3 Rd3 23. Qa8+ Kh7 24. Ne4 Nxe4 25. Qxe4+ g6 26.
Qb7 Kg7 27. Qxa7 Qb2 28. Re1 Qxb4 29. Rxe6 Rd1+ 30. Kh2 Qf4+ 31. g3 Qf3 32.
Rxg6+ Kxg6 33. Qb6+ f6 0-1

[Event "Høstturnering"]
[Site "Ås"]
[Date "1990.10.02"]
[Round "2"]
[White "Grønvold, Jan"]
[Black "Samset, Jon"]
[Result "1-0"]
[WhiteElo "1310"]
[BlackElo "1035"]
[PlyCount "55"]
[EventDate "1990.09.18"]

1. e4 e5 2. Nf3 Nc6 3. Bc4 h6 4. O-O Nf6 5. Nc3 Be7 6. d4 exd4 7. Nxd4 Nxd4 
8. Qxd4 c5 9. Qd3 O-O 10. Bf4 Re8 11. Rfe1 d6
12. Rad1 Ng4 13. Bxd6 Bxd6 14. Qxd6 Qh4 15. Qf4 Qh5 16. Rd5 Re5 17. Rd8+ Kh7
18. Bxf7 Qh4 19. Bg8+ Kh8 20. Red1 Qe7 21. Be6+ Kh7 22. Bxg4 Bxg4 23. Rxa8 Bxd1
24. Rxa7 Bxc2 25. f3 Re6 26. Nd5 Qd7 27. Qf5+ g6 28. Nf6+ 1-0

[Event "Høstturnering"]
[Site "Ås"]
[Date "1990.10.02"]
[Round "2"]
[White "Hellberg, Lars"]
[Black "Rosenfeld, Hans Joakim"]
[Result "1-0"]
[WhiteElo "1365"]
[BlackElo "1251"]
[PlyCount "29"]
[EventDate "1990.09.18"]

1. e4 e5 2. f4 exf4 3. Bc4 Qh4+ 4. Kf1 Bc5 5. d4 Bb6 6. Nf3 Qe7 7. Bxf4 h6 8.
Nc3 Nf6 9. Qd2 d6 10. Re1 O-O 11. e5 Nh5 12. Nd5 Qd8 13. Bxh6 gxh6 14. Qxh6 Ng7
15. Nf6+ 1-0

[Event "Høstturnering"]
[Site "Ås"]
[Date "1990.10.02"]
[Round "2"]
[White "Furnes, Torstein"]
[Black "Olsen, Trygve"]
[Result "1-0"]
[WhiteElo "1142"]
[BlackElo "1324"]
[PlyCount "107"]
[EventDate "1990.09.18"]

1. d4 c6 2. c4 d5 3. Nc3 dxc4 4. e4 b5 5. a4 b4 6. Na2 b3 7. Nc3 Ba6 8. Bf4 e6
9. Nf3 Nf6 10. Ne5 Bb4 11. f3 Nh5 12. Be3 Qh4+ 13. Bf2 Qg5 14. g3 O-O 15. Bxc4
Rd8 16. Qxb3 Bxc3+ 17. bxc3 Bxc4 18. Qxc4 Rd6 19. Rb1 Qd8 20. Rb7 f6 21. Nf7
Qf8 22. Nxd6 Qxd6 23. Qb4 Qxb4 24. Rxb4 Nd7 25. Ke2 e5 26. Rhb1 Kf7 27. Rb7 Ke6
28. dxe5 fxe5 29. Rxa7 Rxa7 30. Bxa7 Nhf6 31. a5 Ne8 32. Bb6 Nb8 33. Kd3 Na6
34. Be3 Nd6 35. Rb6 Nc7 36. Rxc6 Kd7 37. Rb6 g6 38. Bc5 Nc8 39. Rb1 Na6 40. Kc4
Kc6 41. Bb6 Nd6+ 42. Kd3 Nb7 43. f4 exf4 44. gxf4 Nb8 45. Be3 Nd7 46. a6 Nbc5+
47. Bxc5 Nxc5+ 48. Kc4 Nxa6 49. Rd1 Nc7 50. e5 Ne8 51. e6 Nd6+ 52. Kd4 Nf5+ 53.
Ke5 Ne7 54. Kf6 1-0

[Event "Høstturnering"]
[Site "Ås"]
[Date "1990.10.02"]
[Round "2"]
[White "Lea, Per"]
[Black "Wilberg, Alf"]
[WhiteElo "1618"]
[BlackElo "1498"]
[Result "1-0"]
[PlyCount "74"]
[EventDate "1990.09.18"]
1.e4 c6 2.d4 d5 3.Nc3 dxe4 4.Nxe4 Nf6 5.Nxf6+ gxf6 6.Bc4 Bf5 7.Bf4
e6 8.Qd2 Bd6 9.O-O-O Qc7 10.Ne2 Nd7 11.Bxd6 Qxd6 12.Ng3 Bg6 13.Qh6
Qf8 14.Qf4 O-O-O 15.Ne4 Bxe4 16.Qxe4 Nb6 17.Be2 f5 18.Qf3 Qb4 19.a3
Qe7 20.Rd3 Rhg8 21.g3 Rg4 22.Rhd1 Nc4 23.Qg2 Rgg8 24.f4 Rd7 25.Bf3
Rgd8 26.Qf2 Qf6 27.c3 Qe7 28.Qe2 c5 29.Qf2 cxd4 30.Rxd4 Nb6 31.Rxd7
Rxd7 32.Rxd7 Qxd7 33.Qc5+ Kd8 34.Kc2 h6 35.Qf8+ Qe8 36.Qxh6 Kc8 37.
Qf6 Qd7
1-0

[Event "Høstturnering"]
[Site "Ås"]
[Date "1990.10.02"]
[Round "2"]
[White "Nordal, Sven"]
[Black "Kristiansen, Tore Knut"]
[Result "1-0"]
[WhiteElo "1646"]
[BlackElo "1424"]
[PlyCount "55"]
[EventDate "1990.09.18"]

1. e4 c5 2. Nf3 Nc6 3. d4 cxd4 4. Nxd4 Nf6 5. Nc3 e5 6. Ndb5 d6 7. Bg5 a6 8.
Na3 Qc7 9. Bxf6 gxf6 10. Nd5 Qd8 11. Qf3 Be7 12. c3 b5 13. Nc2 h5 14. h3 Be6
15. Nce3 Bxd5 16. Nxd5 Nb8 17. a4 bxa4 18. Rxa4 Rh6 19. Rc4 Ra7 $4 20. Qe3 Rb7
21. Qxh6 Nd7 22. Be2 Nb6 23. Qh8+ Bf8 24. Rb4 Nxd5 25. Rxb7 Nc7 26. O-O Ne6 27.
Bxa6 Nc5 28. Bb5+ 1-0

[Event "Høstturnering"]
[Site "Ås"]
[Date "1990.10.16"]
[Round "3"]
[White "Furnes, Torstein"]
[Black "Grønvold, Jan"]
[Result "1-0"]
[WhiteElo "1142"]
[BlackElo "1310"]
[PlyCount "93"]
[EventDate "1990.09.18"]

1. d4 Nf6 2. c4 g6 3. Nc3 Bg7 4. e4 d6 5. Be2 O-O 6. Be3 Nc6 7. Nf3 Re8 8. Nd2
$5 e5 9. d5 $5 Nd4 10. O-O Nxe2+ 11. Qxe2 Ng4 12. f4 Qh4 13. Nf3 Qh5 14. Bd2
exf4 15. Bxf4 f5 16. Rae1 fxe4 17. Nxe4 Qf5 18. Bc1 Bd7 19. Nfg5 Bd4+ 20. Kh1
Qe5 21. Nf3 Qh5 22. h3 Rxe4 23. Qxe4 Nf2+ 24. Rxf2 Bxf2 25. Rf1 Re8 26. Qf4 Rf8
27. Qe4 Bg3 28. Kg1 Bxh3 29. gxh3 Qxh3 30. Qe6+ Qxe6 31. dxe6 Re8 32. Kg2 Be5
33. Nxe5 dxe5 34. Re1 Rxe6 35. Bf4 Kf7 36. Rxe5 Rxe5 37. Bxe5 Ke6 38. Bxc7 h5
39. Kf3 Kf5 40. b4 g5 41. a4 g4+ 42. Kg3 Ke4 43. Kh4 Kd4 44. c5 Kc4 45. Bd6 Kb3
46. b5 Kxa4 47. c6 1-0

[Event "Høstturnering"]
[Site "Ås"]
[Date "1990.10.23"]
[Round "4"]
[White "Køhler, Torbjørn"]
[Black "Olsen, Trygve"]
[Result "1/2-1/2"]
[WhiteElo "913"]
[BlackElo "1324"]
[PlyCount "92"]
[EventDate "1990.09.18"]

1. e4 c6 2. d4 e5 3. Nf3 exd4 4. Nxd4 b5 5. a3 Qf6 $6 6. Nf3 d6 7. c4 bxc4 8.
Bxc4 Ba6 9. Bxa6 Nxa6 10. Qc2 Ne7 11. O-O g6 12. Qc3 Bg7 13. Bd2 O-O 14. Qxf6
Bxf6 15. Bc3 Kg7 16. e5 dxe5 17. Nxe5 Rfd8 18. Nf3 Nd5 19. Bxf6+ Kxf6 20. Rd1
Nf4 21. Nc3 Nd3 22. Rd2 Nac5 23. Rad1 a5 24. Kf1 Ra7 25. Ne1 Rad7 26. Nxd3 Nb3
27. Re2 Rxd3 28. Rxd3 Rxd3 29. Re3 Rxe3 30. fxe3 Nd2+ 31. Ke2 Nc4 32. Nd1 a4
33. Kd3 Ne5+ 34. Ke4 Ke6 35. Nc3 f5+ 36. Kd4 c5+ 37. Kxc5 Nd3+ 38. Kb5 Nxb2 39.
Nxa4 Nd1 40. Nc5+ Kd5 41. Kb6 Nxe3 42. a4 h5 43. Kb5 Nc4 44. Nb7 Na3+ 45. Kb6
Nc4+ 46. Kb5 Na3+ 1/2-1/2

[Event "Høstturnering"]
[Site "Ås"]
[Date "1990.10.23"]
[Round "4"]
[White "Lea, Per"]
[Black "Hellberg, Lars"]
[WhiteElo "1618"]
[BlackElo "1365"]
[Result "1-0"]
[PlyCount "39"]
[EventDate "1990.09.18"]
1.e4 e5 2.Nf3 Nf6 3.Nxe5 d6 4.Nf3 Nxe4 5.d4 d5 6.Bd3 Bd6 7.O-O O-O
8.c4 c6 9.Nc3 Re8 10.Re1 f5 11.cxd5 cxd5 12.Qb3 Nc6 13.Nxe4 fxe4 14.
Bxe4 Kh8 15.Bg5 Nxd4 16.Qxd5 Nxf3+ 17.Bxf3 Rxe1+ 18.Rxe1 Qf8 19.Qxd6
Bg4 20.Qxf8+
1-0